000 00687 a2200229 4500
001 60634
005 20260407155858.0
008 260407a1993 arg spa d
003 AR-UNSa-BCEJYS
040 _aAR-UNSa-BCEJYS
_bspa
_cAR-UNSa-BCEJYS
080 _a(038)658.15
_xDiccionario de Administración Financiera
245 1 0 _aDiccionario Inglés-Español - Español-Inglés de informes financieros
020 _a978-84-234-0755-2
264 1 _aBilbao :
_bEdiciones Deusto
_c1993
300 _a365 p.
_c24 cm.
041 _aspa
942 _cBK
590 _aniveau_biblio:m niveau_hierar:0
100 1 _aCoopers & Lybrand
700 1 _aDonaghy, Peter
700 1 _aLaidler, John
999 _c7090
_d7090